000
00211nam a22001097a 4500
100
_a
Upadhay
245
_a
mathematics class IX
250
_a
2015
260
_b
S.K. kataria
300
_a
496
942
_2
ddc
_c
BK
999
_c
12972
_d
12972